Todos os acessos do Brasileirão Série B para a Série A - Statistics

Estatísticas Gerais
  • Esse quiz foi jogado 67 vezes
  • A pontuação média é 42 de 54
Estatísticas das Respostas
Quantidades de Acessos Estado Quantidades de Títulos Clube % Correto
7 PR 3 Coritiba
100%
6 MG 2 América Mineiro
98%
2 RN 0 América-RN
98%
4 GO 1 Atlético-GO
98%
1 MG 1 Atlético-MG
98%
4 CE 0 Ceará
98%
5 GO 2 Goiás
98%
3 BA 0 Bahia
96%
3 RS 1 Grêmio
96%
6 PE 1 Sport Recife
96%
4 RJ 1 Vasco da Gama
96%
6 BA 1 Vitória
96%
5 SC 0 Avaí
94%
3 RJ 2 Botafogo
94%
1 SP 0 Botafogo-SP
94%
4 SC 1 Cricíuma
94%
4 CE 1 Fortaleza
94%
4 PR 1 Athletico-PR
92%
1 SP 1 Corinthians
92%
3 SC 0 Figueirense
92%
3 RS 1 Juventude
92%
2 SP 2 Palmeiras
92%
2 PA 2 Paysandu
92%
3 PA 0 Remo
92%
4 PE 0 Santa Cruz
92%
1 MT 0 Cuiabá
90%
3 SP 1 Guarani
90%
3 SP 0 Ponte Preta
90%
1 MG 1 Cruzeiro
88%
2 AL 0 CSA
88%
2 PE 0 Náutico
88%
2 PR 1 Paraná
88%
3 SC 1 Chapecoense
86%
1 SC 1 Joinville
86%
1 RS 0 Internacional
84%
1 SP 1 Santos
84%
1 DF 1 Brasiliense
82%
2 SP 2 RB Bragantino
82%
1 DF 1 Gama
80%
2 SP 1 Portuguesa
75%
1 SP 0 Mirassol
73%
1 SP 0 Santo André
73%
1 PR 1 Londrina
69%
1 SP 0 Grêmio Barueri
61%
1 MG 0 Ipatinga
57%
1 PA 1 Tuna Luso
51%
1 SP 1 Inter de Limeira
41%
1 MG 1 Uberlândia
35%
1 SP 1 União São João
29%
1 ES 0 Desportiva Ferroviária
27%
1 SP 1 Juventus-SP
25%
1 RJ 0 Goytacaz
10%
1 SP 0 São José-SP
10%
1 RJ 1 Campo Grande
6%
Nenhum quiz correspondente encontrado
Distribuição das Pontuações
Porcentagem de Pessoas com Cada Pontuação
Percentil de Números Respondidos
Sua Pontuação Histórica
Você não jogou esse quiz